| 000 | 00845nas a2200253Ia 4500 | ||
|---|---|---|---|
| 001 | R068/F5428 | ||
| 003 | IT-RoPAU | ||
| 008 | 151124c99999999xx |||||||||||| ||und|| | ||
| 040 | _aIT-RoPAU | ||
| 040 | _cIT-RoPAU | ||
| 041 | _aITALIANO | ||
| 100 |
_aGariazzo Giuseppe _gCodice Aut. SPICS: 23626 |
||
| 210 | _aSENTIERI SELVAGGI | ||
| 222 | _aSentieri Selvaggi | ||
| 245 |
_aSENTIERI SELVAGGI, ANNO 01-N.07 (NOVEMBRE 1998) _bFin Aout, Debut Septembre |
||
| 250 | _a1a ed. | ||
| 260 |
_aROMA _bPAGINE & PAGINE _c1998 |
||
| 501 |
_bPaulus - SPICS - Società San Paolo EM (non-commercial uses only) _cCopyright2015 |
||
| 300 | _a2 p. [8-9] | ||
| 362 | _aANNO 001, N.07 (NOVEMBRE 1998) | ||
| 500 | _aRecensione del Film di Olivier Assayas. Profilo dell'Autore di L. Esposito. | ||
| 650 |
_aCINEMA _vPUBBLICAZIONE PERIODICA |
||
| 942 | _cCR | ||
| 999 |
_c110284 _d110284 |
||